MARC

LEADER 00000nam0a2200000 4500
001 302434
005 20231102001513.0
035 |a (RuTPU)RU\TPU\book\327641 
090 |a 302434 
100 |a 20150821d1983 k y0rusy5003 ca 
101 0 |a rus 
102 |a UA 
105 |a a l 000zy 
200 1 |a Требования пожарной безопасности к проектам зданий и сооружений  |f В. Г. Точилкина 
210 |a Киев  |c Будiвельник  |d 1983 
215 |a 152 с.  |c ил. 
225 1 |a Библиотека строителя 
225 1 |a Инженеру-проектировщику 
606 1 |a Гражданские здания  |x Пожарная охрана  |2 stltpush  |3 (RuTPU)RU\TPU\subj\8484  |9 35889 
610 1 |a строительное проектирование 
610 1 |a противопожарные нормы 
610 1 |a пожарная безопасность 
610 1 |a здания 
610 1 |a сооружения 
610 1 |a проектные решения 
675 |a 699.81  |z rus  |v 4 
700 1 |a Точилкина  |b В. Г.  |g Валентина Георгиевна  |4 070 
801 0 |a RU  |b RuMRKP  |c 19950704  |g psbo 
801 1 |a RU  |b 63413507  |c 20150821 
801 2 |a RU  |b 63413507  |c 20170810  |g RCR 
942 |c BK